ソニー新時代 : 収穫期を迎えるミラー効果戦略
Sparad:
| Huvudupphovsman: | |
|---|---|
| Materialtyp: | Bok |
| Språk: | Undetermined |
| Publicerad: |
東京
プレジデント社
1982
|
| Ämnen: | |
| Taggar: |
Lägg till en tagg
Inga taggar, Lägg till första taggen!
|
| Thư viện lưu trữ: | Trung tâm Học liệu Trường Đại học Cần Thơ |
|---|
| LEADER | 00605nam a2200217Ia 4500 | ||
|---|---|---|---|
| 001 | CTU_89004 | ||
| 008 | 210402s9999 xx 000 0 und d | ||
| 082 | |a 338.8 | ||
| 082 | |b K16 | ||
| 100 | |a 加納明弘(かのう あきひろ) | ||
| 245 | 0 | |a ソニー新時代 : | |
| 245 | 0 | |b 収穫期を迎えるミラー効果戦略 | |
| 245 | 0 | |c 加納明弘 | |
| 260 | |a 東京 | ||
| 260 | |b プレジデント社 | ||
| 260 | |c 1982 | ||
| 650 | |a Corporations,Corporations | ||
| 650 | |x Sony | ||
| 650 | |z Japan | ||
| 904 | |i Ngoc | ||
| 980 | |a Trung tâm Học liệu Trường Đại học Cần Thơ | ||